| 000 | 00416nam a2200181Ia 4500 | ||
|---|---|---|---|
| 008 | 210210b1929 xxu||||| |||| 00| 0 eng d | ||
| 041 | _aeng | ||
| 082 | _a822/28 | ||
| 100 | _aALPHA OF THE PLOUGH | ||
| 245 | _aPebbles on the shore | ||
| 260 |
_aLondon _bJ M Dent and Sons Ltd. _c1929 |
||
| 650 | _athe | ||
| 650 | _ashore | ||
| 650 | _aPebbles | ||
| 650 | _aon | ||
| 690 | _aEnglish Prose | ||
| 906 | _a012214 | ||
| 999 |
_c130996 _d130996 |
||